The future of coal /

Bibliographic Details
Main Author: James, Peter, 1953-
Format: Book
Language:English
Published: London : Macmillan, 1984.
Edition:2nd ed.
Subjects:

MARC

Tag First Indicator Second Indicator Subfields
LEADER 00000cam a2200000Mi 4500
001 in00000552136
005 20230718111224.0
008 050418s1984 enkab 001 0 eng d
015 |a GB8341230  |2 bnb 
015 |a b8341230 
019 |a 10692572  |a 877423395 
020 |a 0333365216  |q (pbk.) 
020 |a 9780333365212  |q (pbk.) 
020 |a 0333365674  |q (cased) 
020 |a 9780333365670  |q (cased) 
029 1 |a AU@  |b 000003181295 
029 1 |a DEBBG  |b BV006026662 
029 1 |a GBVCP  |b 024334987 
029 1 |a NLGGC  |b 833511599 
029 1 |a NZ1  |b 4964174 
029 1 |a UNITY  |b 070324646 
029 1 |a DEBSZ  |b 010080538 
029 1 |a NZ1  |b 287821 
035 |a (OCoLC)ocm59093411  
035 |a (OCoLC)59093411  |z (OCoLC)10692572  |z (OCoLC)877423395 
035 |a (OCoLC)ocm59093411  
040 |a UKV3G  |b eng  |c UKV3G  |d UKM  |d OCLCQ  |d NLGGC  |d DRB  |d OCLCG  |d AU@  |d DEBBG  |d OCLCO  |d OCLCF  |d OCLCQ  |d NLE  |d SFR  |d CEF  |d DCT  |d OCLCQ  |d OCLCO  |d J9U 
050 4 |a TN800  |b .J35 1984 
082 0 4 |a 333.8/22  |2 19 
084 |a 83.65  |2 bcl 
084 |a 58.21  |2 bcl 
084 |a 57.37  |2 bcl 
084 |a QR 532  |2 rvk 
100 1 |a James, Peter,  |d 1953- 
245 1 4 |a The future of coal /  |c Peter James. 
250 |a 2nd ed. 
260 |a London :  |b Macmillan,  |c 1984. 
300 |a xxiv, 275 pages :  |b illustrations, maps ;  |c 23 cm 
336 |a text  |b txt  |2 rdacontent 
337 |a unmediated  |b n  |2 rdamedia 
338 |a volume  |b nc  |2 rdacarrier 
500 |a Previous edition: 1982. 
500 |a Includes index. 
504 |a Includes bibliographical references and index. 
650 0 |a Coal trade. 
650 6 |a Charbon  |x Industrie. 
650 7 |a Coal trade.  |2 fast  |0 (OCoLC)fst00865513 
650 7 |a Kohlenindustrie  |2 gnd 
650 1 7 |a Steenkool.  |2 gtt 
650 1 7 |a Toekomstverwachtingen.  |2 gtt 
650 7 |a Coal trade  |2 nli 
650 7 |a Coal  |2 nli 
653 |a Fuel resources: Coal 
880 |6 020-00  |a 0333365674 (cased) 
880 |6 020-00  |a 0333365216 (pbk) 
948 |h HELD BY TXA - 168 OTHER HOLDINGS 
994 |a Z0  |b TXA 
999 f f |s c28b6e60-2dee-3a81-91a9-fbc283e29133  |i 6047f0bb-4970-379f-a7dc-43bec0325dac  |t 0 
952 f f |p ric  |a Texas A&M University  |b Rellis Campus  |c Joint Library Facility  |d Remote Storage  |t 0  |e TN800 .J35 1984  |h Library of Congress classification  |i unmediated -- volume  |m A14808257234 
998 f f |a TN800 .J35 1984  |t 0  |l Remote Storage